00438 a2200097 4500001001000000005001700010008004100027245017200068100002400240773007600264ART_5648520260410162016.0260409a 10aTemas relevantes sobre impugnaciones contra decisiones de las cajas de previsión social y de los colegios o consejos de profesionales de la Provincia de Buenos Aires1 aBessone, Esteban P.0 tTemas de derecho administrativog- Año 7, N° 7 (jul. 2022)wREV40468